[Event "Twente Young Master op-D"]
[Site "Twente"]
[Date "2007.08.08"]
[Round "7"]
[White "Agirman, Burak"]
[Black "De Haas, Sam"]
[Result "0-1"]
[WhiteElo "600"]
[BlackElo "600"]
[PlyCount "31"]
[EventDate "2007.08.06"]
[EventType "swiss"]
[EventRounds "13"]
[EventCountry "NED"]
[SourceTitle "EXT 2008"]
[Source "ChessBase"]
[SourceDate "2007.11.25"]
[SourceVersion "1"]
[SourceVersionDate "2007.11.25"]
[SourceQuality "1"]

1. e4 c5 2. Bc4 d6 3. d3 Nc6 4. Nf3 e5 5. Bb5 Bd7 6. Bxc6 Bxc6 7. c4 g6 8. h4 Bg7 9. b3 Nf6 10. g4 Nxg4 11. Bg5 f6 12. Be3 0-0 13. 0-0 Qd7 14. Nc3 Nxe3 15. fxe3 Qg4+ 16. Kh1 0-1